000 00868cam a2200217 4500
001 WS118731
008 020705n 000 0 eng u
035 _a(Sirsi) u118731
110 _aSpectrum Management Advisory Group
_94272
245 _aSpectrum Management Advisory Group
520 _aWeb site for this advisory non-departmental public body which reports directly to ministers on strategic issues relating directly to the radio spectrum. Includes links to their position papers and consultation.
650 _aGOVERNMENT
650 _aRADIO SPECTRUM
650 _aDIGITAL BROADCASTING
650 _aCOMMUNICATION REFORM WHITE PAPER
650 _aBROADBAND WIRELESS
650 _aHOME AREA NETWORKS
690 _aTELECOMMUNICATIONS
856 4 0 _uhttps://www.smag.radio.gov.uk
_zView the website free of charge at www.smag.radio.gov.uk...
942 _n0
999 _c120079
_d120079